Po roku fungovania plurality v zdravotnom poistení bodujú najmä poisťovne so solventnými zriaďovateľmi

Zdravotné poistenie a poisťovne v SR. Novela zákona o zdravotnom poistení. Najúspešnejšie poisťovne sú tie, ktoré majú solventných zriaďovateľov. Nové poisťovne poskytujú rôzne výhody.

Salvato in:
Dettagli Bibliografici
Autore principale: Velecký, M.
Natura: Capitolo di libro
Lingua:slovacco
Soggetti:
Tags: Aggiungi Tag
Nessun Tag, puoi essere il primo ad aggiungerne!!

MARC

LEADER 00000naa a2200000 4500
001 r021252
005 20230921074141.6
041 0 |a slo 
044 |a SK 
245 1 0 |a Po roku fungovania plurality v zdravotnom poistení bodujú najmä poisťovne so solventnými zriaďovateľmi  |c M. Velecký 
520 |a Zdravotné poistenie a poisťovne v SR. Novela zákona o zdravotnom poistení. Najúspešnejšie poisťovne sú tie, ktoré majú solventných zriaďovateľov. Nové poisťovne poskytujú rôzne výhody. 
610 2 0 |a Slovensko 
610 2 0 |a poisťovne zdravotné 
610 2 0 |a poistenie zdravotné 
610 2 0 |a konkurencia 
100 1 |a Velecký, M.